| 000 | 01082nam a2200157 4500 | ||
|---|---|---|---|
| 008 | 161110b xxu||||| |||| 00| 0 eng d | ||
| 020 | _a9780073379555 | ||
| 050 |
_a HF5636 _b.S97 2010 |
||
| 245 |
_aSurvey of accounting / _cThomas P. Edmonds ... [et al.] |
||
| 300 |
_axxxv, 683 p. : _bcol. ill. ; _c29 cm |
||
| 500 | _aIncludes index | ||
| 505 | _aAn introduction to accounting -- Understanding the accounting cycle -- Accounting for merchandising businesses -- Accounting for inventories -- Accounting for receivables -- Accounting for long-term operational assets -- Accounting for liabilities -- proprietorships, partnerships, and corporations -- Financial statement analysis -- An introduction to managerial accounting -- Cost behavior, operating leverage, and profitability analysis -- Cost accumulation, tracing, and allocation -- Relevant information for special decisions -- Plans for profit and cost control -- Performance evaluation -- Planning for capital investments | ||
| 650 | _aAccounting | ||
| 700 | _aEdmonds, Thomas P | ||
| 942 |
_2lcc _cBK |
||
| 999 |
_c47176 _d47176 |
||